Catalog

Record Details

Catalog Search



Vodnář  Cover Image Book Book

Vodnář / Zeno Dostál ; doslov Petr Bílek ; obálka, vazba a graf. úprava Rostislav Vaněk

Dostál, Zeno, 1934-1996 (Author). Bílek, Petr, 1950- (Author of afterword, colophon, etc.).

Record details

  • Physical Description: 303 s. ; 20 cm
  • Edition: 1. vyd.
  • Publisher: Praha : Mladá fronta, 1987

Content descriptions

General Note:
Předsádky a vstupní kresba Pavel Sivko
5000 výt.

Available copies

  • 1 of 1 copy available at Common Catalog SPOK.

Holds

  • 0 current holds with 1 total copy.
Show Only Available Copies
Location Call Number / Copy Notes Barcode Shelving Location Status Due Date
The Jewish community of Prague K 3513 4638301048 K - Beletrie Available -

Electronic resources

Version of Resource: Digitalizovaný dokument


LDR 00994nam a2200301 4500
00153106
003CZ-PrJAB
00520111017134413.0
007tu
008870716s1987 xr u0|0 cze
015 . ‡acnb000031414
020 . ‡q(Váz.) : ‡c25 Kčs
035 . ‡a(CZ PrNK)ck8703169
035 . ‡a(OCoLC)18226607
040 . ‡aABA001 ‡bcze ‡dABA001
080 . ‡a885.0-31 ‡2undef
1001 . ‡aDostál, Zeno, ‡d1934-1996 ‡7jk01022826 ‡4aut
24510. ‡aVodnář / ‡cZeno Dostál ; doslov Petr Bílek ; obálka, vazba a graf. úprava Rostislav Vaněk
250 . ‡a1. vyd.
260 . ‡aPraha : ‡bMladá fronta, ‡c1987 ‡f(Mír 5)
300 . ‡a303 s. ; ‡c20 cm
4901 . ‡aAlfa ; ‡vsv. 105
500 . ‡aPředsádky a vstupní kresba Pavel Sivko
500 . ‡a5000 výt.
7001 . ‡aBílek, Petr, ‡d1950- ‡7jk01012069 ‡4aft
830 0. ‡aAlfa (Mladá fronta)
85641. ‡uhttp://krameriusndk.nkp.cz/search/handle/uuid:72a00090-f2e4-11e2-9923-005056827e52 ‡yDigitalizovaný dokument
910 . ‡aABE461
995 . ‡aska
901 . ‡a53106 ‡bAUTOGEN ‡c53106 ‡tbiblio

Additional Resources